<?xml version="1.0" encoding="UTF-8"?>
<record
    xmlns:xsi="http://www.w3.org/2001/XMLSchema-instance"
    xsi:schemaLocation="http://www.loc.gov/MARC21/slim http://www.loc.gov/standards/marcxml/schema/MARC21slim.xsd"
    xmlns="http://www.loc.gov/MARC21/slim">

  <leader>00857nam a22002891  4500</leader>
  <datafield tag="999" ind1=" " ind2=" ">
    <subfield code="c">1720</subfield>
    <subfield code="d">1720</subfield>
  </datafield>
  <controlfield tag="001">010900512</controlfield>
  <controlfield tag="003">UkOxU</controlfield>
  <controlfield tag="005">20210629114127.0</controlfield>
  <controlfield tag="008">930402r19881987enk           000 0 eng d</controlfield>
  <datafield tag="015" ind1=" " ind2=" ">
    <subfield code="a">GB 88-60613</subfield>
  </datafield>
  <datafield tag="020" ind1=" " ind2=" ">
    <subfield code="a">0632022841</subfield>
  </datafield>
  <datafield tag="040" ind1=" " ind2=" ">
    <subfield code="c">ALUPE UNIVERSITY</subfield>
  </datafield>
  <datafield tag="049" ind1=" " ind2=" ">
    <subfield code="a">CURL</subfield>
    <subfield code="l">b</subfield>
    <subfield code="n">b</subfield>
  </datafield>
  <datafield tag="050" ind1=" " ind2=" ">
    <subfield code="a">QD95</subfield>
    <subfield code="b">.E2 1988</subfield>
  </datafield>
  <datafield tag="092" ind1=" " ind2=" ">
    <subfield code="a">D0501359536</subfield>
  </datafield>
  <datafield tag="100" ind1="1" ind2=" ">
    <subfield code="a">Ebsworth, E. A. V.</subfield>
  </datafield>
  <datafield tag="245" ind1="1" ind2="0">
    <subfield code="a">Structural methods in inorganic chemistry /</subfield>
    <subfield code="c">E.A.V. Ebsworth, David W.H. Rankin, Stephen Cradock</subfield>
  </datafield>
  <datafield tag="250" ind1=" " ind2=" ">
    <subfield code="a">ELBS ed</subfield>
  </datafield>
  <datafield tag="260" ind1=" " ind2=" ">
    <subfield code="a">Oxford :</subfield>
    <subfield code="b">ELBS :</subfield>
    <subfield code="b">Blackwell Scientific,</subfield>
    <subfield code="c">1988, c1987</subfield>
  </datafield>
  <datafield tag="300" ind1=" " ind2=" ">
    <subfield code="a">xi, 456 p ;</subfield>
    <subfield code="c">25 cm</subfield>
  </datafield>
  <datafield tag="650" ind1=" " ind2="0">
    <subfield code="a">Spectrum analysis.</subfield>
  </datafield>
  <datafield tag="650" ind1=" " ind2="0">
    <subfield code="a">Chemistry, Inorganic</subfield>
  </datafield>
  <datafield tag="700" ind1="1" ind2=" ">
    <subfield code="a">Rankin, David W. H.</subfield>
  </datafield>
  <datafield tag="700" ind1="1" ind2=" ">
    <subfield code="a">Cradock, Stephen.</subfield>
  </datafield>
  <datafield tag="942" ind1=" " ind2=" ">
    <subfield code="2">lcc</subfield>
    <subfield code="c">BK</subfield>
    <subfield code="n">JE</subfield>
  </datafield>
  <datafield tag="952" ind1=" " ind2=" ">
    <subfield code="0">0</subfield>
    <subfield code="1">0</subfield>
    <subfield code="2">lcc</subfield>
    <subfield code="4">0</subfield>
    <subfield code="7">0</subfield>
    <subfield code="a">MLIB</subfield>
    <subfield code="b">MLIB</subfield>
    <subfield code="c">OS</subfield>
    <subfield code="d">2021-06-29</subfield>
    <subfield code="l">3</subfield>
    <subfield code="o">QD95 .E2 1988</subfield>
    <subfield code="p">28003841</subfield>
    <subfield code="r">2022-12-21</subfield>
    <subfield code="s">2022-12-08</subfield>
    <subfield code="w">2021-06-29</subfield>
    <subfield code="y">BK</subfield>
    <subfield code="z">JE</subfield>
  </datafield>
</record>
